Stolice według języka ojczystego - Statystyki

Ogólne statystyki
  • Ten quiz został rozwiązany 73 razy
    14 od ostatniego zresetowania
  • Średni wynik to 15 z 20
Statystyki odpowiedzi
Stolica w języku ojczystym Stolica % Poprawnych
Addis Abäba Addis Abeba
100%
Aşgabat Aszchabad
100%
Bakı Baku
100%
Dimashq, Ash-Sham Damaszek
100%
Yerevan Erywań
100%
Ciudad de Guatemala Gwatemala
100%
Hà Nội Hanoi
100%
La Habana Hawana
100%
London Londyn
100%
Muqdisho, Maqadīshū Mogadiszu
100%
Běijīng Pekin
100%
Praha Praga
100%
Prishtinë Prisztina
100%
Roma Rzym
100%
Tallinn Tallinn
100%
Tōkyō Tokio
100%
Warszawa Warszawa
100%
Washington, D.C. Waszyngton
100%
Wien Wiedeń
100%
Tehrān Teheran
89%
Athina Ateny
86%
București Bukareszt
86%
Chișinău Kiszyniów
86%
Masqaṭ Maskat
86%
Yerushalayim Jerozolima
83%
Kāṭhamāṇḍaũ Katmandu
83%
København Kopenhaga
83%
Al-Manāmah Manama
80%
Toshkent Taszkent
75%
Al-Khartûm Chartum
67%
Madiinat ul-Kuwayt Kuwejt
67%
Lefkosia, Lefkoşa Nikozja
67%
Port-Vila Port Vila
67%
Ṣan‘ā’ Sana
67%
Phnum Pénh Phnom Penh
63%
Thimphu Thimphu
60%
Libreville Libreville
57%
Tegucigalpa Tegucigalpa
56%
Yaoundé Jaunde
50%
Táiběi Tajpej
50%
Ad-Dawḥah Ad-Dauha
43%
Ouagadougou Wagadugu
43%
Tarabulus Trypolis
40%
Krung Thep, Krung Thep Maha Nakhon Bangkok
33%
Baile Átha Cliath Dublin
33%
Yamoussoukro Jamusukro
33%
Nukuʻalofa Nukuʻalofa
33%
Sri Jayawardenapura Kotte Sri Dźajawardanapura Kotte
33%
Al-Qāhirah Kair
30%
Nwakšūṭ Nawakszut
0%
Nie znaleziono quizów pasujących do podanych kryteriów
Rozkład punktacji
Procent ludzi z każdym wynikiem
Percentyl według liczby udzielonych odpowiedzi
Twoja historia wyników
Nie rozwiązałeś tego quizu od ostatniego zresetowania